Mujercitas / (Registro nro. 8591)

Detalles MARC
000 -LIDER
fixed length control field 00897nam a22003017a 4500
001 - NÚMERO DE CONTROL
Identificador de número de control 0074
003 - IDENTIFICACDOR DE NÚMERO DE CONTROL
control field DO-SdBNP
005 - DATE AND TIME OF LATEST TRANSACTION
control field 20171113120422.0
007 - CAMPOS FIJOS DE DESCRIPCIÓN FÍSICA
fixed length control field 0074
008 - ELEMENTOS DE LONGITUD FIJA
fixed length control field 151106b sp 1970 xxu||||| |||| 00| 0 spa d
040 ## - FUENTE DE CATALOGACIÓN
Agencia que crea de manera original el registro BPMSU
Idioma de catalogación spa
Agencia que realiza la transcripción BPMSU
082 #4 - NÚMERO DE CLASIFICACIÓN DECIMAL DE DEWEY
Classification number 813
Item number A335m, 1970
100 10 - ASIENTO PRINCIPAL -- NOMBRE PERSONAL
Nombre personal Alcott, Louise May
240 ## - TITULO UNIFORME
Título uniforme Little Women
Idioma de una obra spa
245 ## - MENCIÓN DE TITULO
Título Mujercitas /
Mención de responsabilidad Louise May Alcott ; traducción María Martí García ; ilustración Jaime Juez Castellá
250 ## - MENCIÓN DE EDICION
Mención de edición 4a. ed.
260 ## - PUBLICACIÓN, DISTRIBUCIÓN, ETC. (PIE DE IMPRENTA)
Lugar de publicación, distribución, etc Madrid :
Nombre del editor, distribuidor, etc. Bruguera,
Fecha de publicación, distribución, etc 1970.
300 ## - DESCRIPCIÓN FÍSICA
Extensión 250 p. :
Otros detalles físicos il.,
Dimensiones 20 cm.
490 10 - MENCIÓN DE SERIES
Mención de serie Historias selección ;
490 10 - MENCIÓN DE SERIES
Mención de serie Mujercitas ;
Volume/sequential designation 1
700 12 - ASIENTO SECUNDARIO -- NOMBRE PERSONAL
Nombre personal Martí García, María,
Fechas asociadas con el nombre 1959-
Mención de responsabilidad tr.
700 10 - ASIENTO SECUNDARIO -- NOMBRE PERSONAL
Nombre personal Juez Castellá, Jaime,
Fechas asociadas con el nombre 1959-
Mención de responsabilidad il.
830 00 - ASIENTO SECUNDARIO DE SERIE--TÍTULO UNIFORME
Título uniforme Historias selección
830 00 - ASIENTO SECUNDARIO DE SERIE--TÍTULO UNIFORME
Título uniforme Mujercitas ; 1
942 ## - ADDED ENTRY ELEMENTS (KOHA)
Source of classification or shelving scheme Dewey Decimal Classification
Koha item type Libros
945 ## - INFORMACIÓN DE PROCESAMIENTO LOCAL
Información de procesamiento local Inventariado, 2017/MFF
956 ## - LOCAL ELECTRONIC LOCATION AND ACCESS (OCLC)
Nombre de host Brenda Tavárez
Existencias
Withdrawn status Lost status Source of classification or shelving scheme Damaged status Not for loan Collection code Home library Current library Date acquired Source of acquisition Total Checkouts Full call number Barcode Date last seen Price effective from Koha item type
    Dewey Decimal Classification     Colección General Biblioteca Pública Metropolitana Salomé Ureña Biblioteca Pública Metropolitana Salomé Ureña 11/06/2015 Donación   813 A355m BPMSU15110105 11/06/2015 11/06/2015 Libros